000 00902nam a22001697a 4500
999 _c63465
_d63465
003 Ge_BSU
005 20251015150230.0
008 251015s1955 ge ||||| |||| 00| 0 geo d
041 _ageo
080 _a631.115.6(479.22) ბ-33
100 _aბუჯიაშვილი, ნადია
_926029
245 _aაღმავლობის გზით :
_cნ. ბუჯიაშვილი; ჩაწერა ვ. ფანჩულიძემ.
_b[გორის რაიონის სოფ. შავშვების მოლოტოვის სახ. კოლმეურნეობის მუშაობის შესახებ /
264 _aთბ. :
_b სახელგამი,
_c1955.
300 _a76გვ. :
_bილ. ;
_c 22სმ.
653 _aკოლმეურნეობები საქართველოში.
942 _2udc
_cᲬᲘᲒᲜᲘ